[Event "CZE-ch U14 Girls"]
[Site "Luhacovice"]
[Date "2022.03.12"]
[Round "1"]
[White "Dufkova, Tereza"]
[Black "Veverkova, Dorota"]
[Result "0-1"]
[WhiteElo "1014"]
[BlackElo "1320"]
[PlyCount "78"]
[EventDate "2022.03.12"]
[EventType "swiss"]
[EventRounds "9"]
[EventCountry "CZE"]
[SourceTitle "EXT 2023"]
[Source "ChessBase"]
[SourceDate "2022.10.05"]
[SourceVersion "1"]
[SourceVersionDate "2022.10.05"]
[SourceQuality "1"]

1. e4 Nf6 2. Nc3 d5 3. exd5 Nxd5 4. Nxd5 Qxd5 5. d4 Nc6 6. Nf3 Bg4 7. Be3 g6 8. Be2 Bg7 9. h3 Bxf3 10. Bxf3 Qa5+ 11. c3 Qb5 12. Be2 Qxb2 13. 0-0 Qa3 14. c4 Qd6 15. c5 Qd8 16. Rb1 Rb8 17. Qa4 0-0 18. Rfd1 e6 19. Bf3 Qe8 20. d5 Ne5 21. c6 bxc6 22. dxc6 Nxf3+ 23. gxf3 Be5 24. Qa5 Bd6 25. Bh6 Qxc6 26. Bxf8 Rxf8 27. Qxa7 Qxf3 28. h4 Kg7 29. Qd4+ f6 30. Rd3 Qf5 31. a4 Qf3 32. Rdd1 Qf5 33. Rd3 Bc5 34. Qd7+ Rf7 35. Qc6 Qxd3 36. Rb8 Qd4 37. Kh2 Qxf2+ 38. Kh3 Qe3+ 39. Kg4 f5# 0-1

[Event "EU-ch U12 Girls"]
[Site "Bratislava"]
[Date "2019.08.09"]
[Round "8"]
[White "Ken Dror, Renana"]
[Black "Veverkova, Dorota"]
[Result "1-0"]
[WhiteElo "1185"]
[BlackElo "1284"]
[PlyCount "57"]
[EventDate "2019.08.02"]
[EventType "swiss"]
[EventRounds "9"]
[EventCountry "SVK"]
[SourceTitle "EXT 2020"]
[Source "ChessBase"]
[SourceDate "2019.10.17"]
[SourceVersion "1"]
[SourceVersionDate "2019.10.17"]
[SourceQuality "1"]

1. c4 Nf6 2. Nc3 g6 3. g3 Bg7 4. Bg2 0-0 5. Nf3 d6 6. d4 Nbd7 7. Bf4 Nh5 8. Bg5 h6 9. Be3 e5 10. 0-0 exd4 11. Bxd4 Ne5 12. Nxe5 dxe5 13. Bc5 Re8 14. Nb5 c6 15. Qxd8 Rxd8 16. Nc7 Rb8 17. Bxa7 Bf5 18. Bxb8 Rxb8 19. h3 Bd7 20. Rad1 Nf6 21. f4 exf4 22. Rxf4 Rc8 23. Rxf6 Rxc7 24. Rfd6 Be6 25. b3 Be5 26. R6d3 Bf5 27. Rf3 Bc2 28. Rd2 Be4 29. Re3 1-0

[Event "EU-chT U12 Girls"]
[Site "Pardubice"]
[Date "2019.07.16"]
[Round "6.1"]
[White "Mellor, Jessica"]
[Black "Veverkova, Dorota"]
[Result "1-0"]
[WhiteElo "1663"]
[BlackElo "1348"]
[PlyCount "69"]
[EventDate "2019.07.11"]
[EventType "team-tourn"]
[EventRounds "7"]
[EventCountry "CZE"]
[SourceTitle "EXT 2020"]
[Source "ChessBase"]
[SourceDate "2019.10.17"]
[SourceVersion "1"]
[SourceVersionDate "2019.10.17"]
[SourceQuality "1"]
[WhiteTeam "England U12 Girls"]
[BlackTeam "Czech Republic U12 Girls II"]
[WhiteTeamCountry "ENG"]
[BlackTeamCountry "CZE"]

1. e4 c6 2. d4 d5 3. Nc3 dxe4 4. Nxe4 Bf5 5. Ng3 Bg6 6. h4 h6 7. Nf3 Nf6 8. h5 Bh7 9. Bd3 Bxd3 10. Qxd3 Nbd7 11. Bf4 e6 12. 0-0-0 Qb6 13. Ne5 Bd6 14. Kb1 Bxe5 15. dxe5 Nd5 16. Ne4 0-0-0 17. Nd6+ Kb8 18. Nxf7 Nxf4 19. Qd6+ Kc8 20. Nxh8 Nc5 21. Qxd8+ Qxd8 22. Rxd8+ Kxd8 23. g3 Nd5 24. Rd1 Ke7 25. Ng6+ Kf7 26. Nf4 a6 27. Nxd5 exd5 28. f3 g6 29. hxg6+ Kxg6 30. Kc1 Kf5 31. Re1 h5 32. g4+ hxg4 33. fxg4+ Kxg4 34. e6 Nxe6 35. Rxe6 1-0

[Event "EU-chT U12 Girls"]
[Site "Pardubice"]
[Date "2019.07.14"]
[Round "4.1"]
[White "Veverkova, Dorota"]
[Black "Buyuk, Ecrin Efsa"]
[Result "0-1"]
[WhiteElo "1348"]
[BlackElo "1592"]
[PlyCount "74"]
[EventDate "2019.07.11"]
[EventType "team-tourn"]
[EventRounds "7"]
[EventCountry "CZE"]
[SourceTitle "EXT 2020"]
[Source "ChessBase"]
[SourceDate "2019.10.17"]
[SourceVersion "1"]
[SourceVersionDate "2019.10.17"]
[SourceQuality "1"]
[WhiteTeam "Czech Republic U12 Girls II"]
[BlackTeam "Turkey U12 Girls"]
[WhiteTeamCountry "CZE"]
[BlackTeamCountry "TUR"]

1. e4 c6 2. d4 d5 3. Nc3 dxe4 4. Nxe4 Bf5 5. Ng3 Bg6 6. N1e2 e6 7. Nf4 Bd6 8. Bc4 Nf6 9. 0-0 Qc7 10. Nxg6 hxg6 11. Qf3 Nh5 12. Re1 Qe7 13. d5 Qh4 14. dxe6 f5 15. Bd2 Qxc4 16. Bg5 Qg4 17. Qxg4 fxg4 18. Rad1 Be7 19. Bxe7 Kxe7 20. Rd4 Nxg3 21. hxg3 Rh6 22. Rxg4 Na6 23. Rf4 Rf8 24. Rxf8 Kxf8 25. e7+ Ke8 26. a3 Nc7 27. c4 Kf7 28. f4 Rh8 29. g4 Re8 30. f5 gxf5 31. gxf5 Rxe7 32. Rd1 Ke8 33. Rd4 Re2 34. b4 Re5 35. g4 Re3 36. a4 Ra3 37. a5 Rb3 0-1

[Event "EU-chT U12 Girls"]
[Site "Pardubice"]
[Date "2019.07.12"]
[Round "2.1"]
[White "Veverkova, Dorota"]
[Black "Siekanska, Maria"]
[Result "0-1"]
[WhiteElo "1348"]
[BlackElo "1561"]
[PlyCount "86"]
[EventDate "2019.07.11"]
[EventType "team-tourn"]
[EventRounds "7"]
[EventCountry "CZE"]
[SourceTitle "EXT 2020"]
[Source "ChessBase"]
[SourceDate "2019.10.17"]
[SourceVersion "1"]
[SourceVersionDate "2019.10.17"]
[SourceQuality "1"]
[WhiteTeam "Czech Republic U12 Girls II"]
[BlackTeam "Poland U12 Girls"]
[WhiteTeamCountry "CZE"]
[BlackTeamCountry "POL"]

1. e4 c5 2. Nc3 e6 3. f4 d6 4. Nf3 Nc6 5. d3 Nf6 6. Be2 Be7 7. 0-0 0-0 8. Qe1 a6 9. Qg3 Re8 10. Kh1 b5 11. a3 Bb7 12. Be3 Rb8 13. Rg1 d5 14. e5 d4 15. exf6 Bxf6 16. Bd2 dxc3 17. Bxc3 Nd4 18. Nxd4 cxd4 19. Bd2 Rc8 20. Rac1 Re7 21. Bf3 Rec7 22. Bxb7 Rxb7 23. c3 Rbc7 24. Qe1 dxc3 25. Bxc3 Qxd3 26. Rd1 Bxc3 27. Rxd3 Bxe1 28. Rxe1 Rc1 29. Rdd1 R1c2 30. Rd3 Rxb2 31. Red1 h5 32. Rd8+ Rxd8 33. Rxd8+ Kh7 34. g3 Rb3 35. Rd7 Kg6 36. Ra7 Rxa3 37. Kg1 Ra2 38. h3 b4 39. Rb7 a5 40. Rb5 f5 41. Re5 Kf6 42. Kf1 b3 43. Rb5 b2 0-1

[Event "Klatovy op-B 23rd"]
[Site "Klatovy"]
[Date "2017.07.07"]
[Round "7"]
[White "Velkoborsky, Tadeas"]
[Black "Veverkova, Dorota"]
[Result "0-1"]
[WhiteElo "1077"]
[BlackElo "1240"]
[PlyCount "118"]
[EventDate "2017.07.01"]
[EventType "swiss"]
[EventRounds "9"]
[EventCountry "CZE"]
[SourceTitle "EXT 2018"]
[Source "ChessBase"]
[SourceDate "2017.10.13"]
[SourceVersion "1"]
[SourceVersionDate "2017.10.13"]
[SourceQuality "1"]

1. e4 e5 2. Nf3 Nc6 3. Bc4 Bc5 4. Nc3 Nf6 5. d3 d6 6. Bg5 Bg4 7. h3 Bh5 8. g4 Bg6 9. Qd2 Qe7 10. 0-0-0 Bb4 11. Be3 0-0-0 12. Qe1 Bxc3 13. Qxc3 d5 14. Bb5 d4 15. Qb3 dxe3 16. Bxc6 bxc6 17. fxe3 Kd7 18. Qc3 Rhe8 19. d4 Bxe4 20. dxe5+ Nd5 21. Rhf1 Kc8 22. Qd4 Bxf3 23. Rxf3 Nb6 24. Qe4 Qe6 25. Rff1 Qxa2 26. c3 Nc4 27. Qb1 Qxb1+ 28. Kxb1 Rxd1+ 29. Rxd1 Nxe3 30. Rd3 Rxe5 31. Ka2 Nc4 32. b3 Re3 33. Rxe3 Nxe3 34. Ka3 Nd1 35. Kb4 Nf2 36. Kc5 Nxh3 37. Kxc6 g6 38. Kd5 h5 39. gxh5 gxh5 40. Ke4 Ng5+ 41. Kf4 h4 42. Kg4 h3 43. Kg3 f5 44. b4 f4+ 45. Kh2 Kd7 46. c4 Ke6 47. c5 Ke5 48. b5 Ke4 49. b6 axb6 50. cxb6 cxb6 51. Kh1 Ke3 52. Kh2 f3 53. Kg1 Ke2 54. Kh1 f2 55. Kh2 f1Q 56. Kg3 Ne4+ 57. Kg4 Qf3+ 58. Kh4 Qg3+ 59. Kh5 Qg5# 0-1

[Event "CZE-ch U10 Girls"]
[Site "Kouty nad Desnou"]
[Date "2017.03.15"]
[Round "6"]
[White "Filipova, Vanesa"]
[Black "Veverkova, Dorota"]
[Result "0-1"]
[WhiteElo "1250"]
[BlackElo "1048"]
[PlyCount "54"]
[EventDate "2017.03.11"]
[EventType "swiss"]
[EventRounds "9"]
[EventCountry "CZE"]
[SourceTitle "CBM 177 Extra"]
[Source "ChessBase"]
[SourceDate "2017.04.27"]
[SourceVersion "1"]
[SourceVersionDate "2017.04.27"]
[SourceQuality "1"]

1. e4 e5 2. Bc4 Nc6 3. Nc3 Nf6 4. d3 Bc5 5. Nge2 d6 6. Bg5 Be6 7. 0-0 Qe7 8. Qd2 h6 9. Bh4 g5 10. Bg3 0-0-0 11. Na4 Bxc4 12. dxc4 Nxe4 13. Qd3 f5 14. Rad1 h5 15. Nac3 Qh7 16. Nxe4 fxe4 17. Nc3 exd3 18. Rxd3 h4 19. Nd5 hxg3 20. h3 gxf2+ 21. Kh1 Qh5 22. Nf6 Qe2 23. Rdd1 Rdf8 24. Nd5 Rxh3+ 25. gxh3 Qf3+ 26. Kh2 Rh8 27. Rd3 Rxh3# 0-1

[Event "CZE-ch U10 Girls"]
[Site "Kouty nad Desnou"]
[Date "2017.03.13"]
[Round "4"]
[White "Havelkova, Beata"]
[Black "Veverkova, Dorota"]
[Result "0-1"]
[WhiteElo "1263"]
[BlackElo "1048"]
[PlyCount "48"]
[EventDate "2017.03.11"]
[EventType "swiss"]
[EventRounds "9"]
[EventCountry "CZE"]
[SourceTitle "CBM 177 Extra"]
[Source "ChessBase"]
[SourceDate "2017.04.27"]
[SourceVersion "1"]
[SourceVersionDate "2017.04.27"]
[SourceQuality "1"]

1. e4 e5 2. Nf3 Nf6 3. Nc3 Nc6 4. Bb5 Bb4 5. 0-0 a6 6. Ba4 d6 7. d3 Bg4 8. h3 Bh5 9. a3 Bc5 10. Be3 Qd7 11. b4 Bb6 12. Nd5 Bxe3 13. fxe3 b5 14. Nxf6+ gxf6 15. Bb3 Rg8 16. Kh1 0-0-0 17. d4 exd4 18. exd4 Rg3 19. c3 Rdg8 20. Ra2 f5 21. exf5 Qxf5 22. Bc2 Rxh3+ 23. gxh3 Qxh3+ 24. Nh2 Qg2# 0-1